Vplyv zahraničných investícií na rozvoj regiónu diplomová práca

Enregistré dans:
Détails bibliographiques
Auteur principal: Krupová, Adriana
Collectivité auteur: Národohospodárska fakulta EU. Katedra verejnej správy a regionálneho rozvoja
Autres auteurs: Šipikal, Miroslav, 1976-
Format: Livre
Langue:slovaque
Publié: Bratislava 2010
Tags: Ajouter un tag
Pas de tags, Soyez le premier à ajouter un tag!

MARC

LEADER 00000nam$a2200000$$$4500
001 0120851
005 20240318123751.8
041 0 |a slo 
044 |a SK 
245 1 0 |a Vplyv zahraničných investícií na rozvoj regiónu  |b diplomová práca  |c Adriana Krupová ; škol. Miroslav Šipikal 
264 1 |a Bratislava  |c 2010 
300 |a 93 s. 
100 1 |a Krupová, Adriana 
700 1 |a Šipikal, Miroslav, 1976- 
710 2 |a Národohospodárska fakulta EU. Katedra verejnej správy a regionálneho rozvoja